000 00711nam a2200205Ii 4500
003 JO-AjNU
008 230605s9999||||xx |||||||||||||| ||und||
040 _aJO-AjNU
_bara
_erda
_cJO-AjNU
041 _aara
050 1 4 _aPJ7507.R3922 1980
100 3 _aالريحاني،أمين ألبرت,
_eauthor
_919963
245 0 0 _aمدار الكلمة دراسات نقدية
250 _aط1
264 3 1 _aبيروت: دار الكتاب اللبناني؛القاهرة: دار الكتاب المصري،1980
300 _a281ص
336 _atext
_btxt
_2rdacontent
337 _aunmediated
_bn
_2rdamedia
338 _avolume
_bnc
_2rdacarrier
650 4 _aالادب العربي-تاريخ ونقد
_919964
999 _aA6682
_c10250
_d10250